000 00377 a2200145 4500
001 169258
020 _a
040 _cMagnum
100 _aSchliemann, Analucia (Orgs.)
240 1 0 _aA compreensao de conceitos aritmeticos: ensino e pesquisa
_lpor
245 1 0 _aA compreensao de conceitos aritmeticos: ensino e pesquisa
362 0 _a1899
697 _aGERAL
942 _cBK
999 _c169258
_d169258